| 000 | 01029nam a2200289 i 4500 | ||
|---|---|---|---|
| 003 | EG-GICUC | ||
| 005 | 20260121101223.0 | ||
| 008 | 251116s1973 uk ||||fr|||| 001 0 eng d | ||
| 020 | _a333143957 | ||
| 040 |
_aEG-GiCUC _beng _cEG-GiCUC _dEG-GiCUC _erda |
||
| 082 | 0 | 4 |
_221 _a338.9094 _bSC |
| 099 | _aLaw1 13 338.9094 SC 1973 | ||
| 245 | 1 | 0 |
_aScience and Technology in Economic Growth : _bProceedings of a Conference held by the International Economic Association at St Anton, Austria / _cB. R. Williams. |
| 264 | 1 |
_aLondon : _bThe Macmillan Press Ltd, _c1973. |
|
| 300 |
_a446 pages ; _c24 cm |
||
| 336 |
_2rda content _atext |
||
| 337 |
_2rda media _aComputer |
||
| 338 |
_2rda carrier _aOnline Resource |
||
| 504 | _aIncludes bibliographical references and index. | ||
| 546 | _aText in English | ||
| 650 | 1 |
_aPublic finance and tax legislation _2 |
|
| 651 | 1 | _2 | |
| 700 | 1 |
_aWilliams, B. R _eeditor. |
|
| 856 | 4 | 0 | _uhttps://fll.law.cu.edu.eg/fulltext/bks/B13-06635.pdf |
| 905 | _a50 | ||
| 942 |
_2ddc _cBK _e21 _n0 |
||
| 999 |
_c43369 _d43369 |
||